<?xml version="1.0" encoding="UTF-8"?>
<marc:record xmlns:marc="http://www.loc.gov/MARC21/slim">
   <marc:leader>00000nam a2200000 a 4500</marc:leader>
   <marc:datafield ind1="1" ind2=" " tag="100">
      <marc:subfield code="a">Raven, Michelle</marc:subfield>
      <marc:subfield code="4">aut</marc:subfield>
      <marc:subfield code="e">Verfasser/-in</marc:subfield>
   </marc:datafield>
   <marc:datafield ind1="0" ind2="0" tag="245">
      <marc:subfield code="a">Eine unheilvolle Begegnung</marc:subfield>
   </marc:datafield>
   <marc:datafield ind1=" " ind2="1" tag="264">
      <marc:subfield code="c">2018</marc:subfield>
   </marc:datafield>
   <marc:datafield ind1="1" ind2=" " tag="490">
      <marc:subfield code="a">Dyson-Dilogie</marc:subfield>
      <marc:subfield code="v">1</marc:subfield>
   </marc:datafield>
   <marc:datafield ind1="1" ind2=" " tag="520">
      <marc:subfield code="a">Zu ihrem Entsetzen entdeckt die Paläontologin Samantha Dyson auf dem Colorado Plateau nicht nur ein Dinosaurierskelett, sondern auch einen lebendig begrabenen Mann. Im letzten Moment kann sie den Schwerverletzten retten und verarztet ihn notdürftig. Obwohl er ihr nichts über sich und seine Probleme erzählen will, weckt der geheimnisvolle Morgan bald tiefe Gefühle in ihr. Doch die Gangster sind ihm weiter auf den Fersen und bedrohen nun auch Samantha. Morgan muss alles riskieren, um sie zu schützen ...</marc:subfield>
   </marc:datafield>
   <marc:datafield ind1=" " ind2=" " tag="020">
      <marc:subfield code="a">9781724124500</marc:subfield>
      <marc:subfield code="9">9781724124500</marc:subfield>
   </marc:datafield>
   <marc:datafield ind1="1" ind2=" " tag="521">
      <marc:subfield code="a">0</marc:subfield>
   </marc:datafield>
   <marc:datafield ind1=" " ind2=" " tag="300">
      <marc:subfield code="a">485 Seiten</marc:subfield>
   </marc:datafield>
</marc:record>
